Partnership and participation : Decision-making in the multiagency setting

The past two decades have seen an increase in the number of organisations working together in multiagency settings and increased calls for partnership and participation in organisational and public life. Models for this kind of working arrangement range from contracting out and joint planning, throu...

Descripción completa

Guardado en:
Detalles Bibliográficos
Autor principal: Taket, A. R.
Formato: Libro
Lenguaje:Undetermined
Publicado: New York Wiley 2000
Materias:
Etiquetas: Agregar Etiqueta
Sin Etiquetas, Sea el primero en etiquetar este registro!
Thư viện lưu trữ: Trung tâm Học liệu Trường Đại học Cần Thơ
LEADER 01911nam a2200205Ia 4500
001 CTU_141707
008 210402s9999 xx 000 0 und d
082 |a 658.403 
082 |b T136 
100 |a Taket, A. R. 
245 0 |a Partnership and participation : 
245 0 |b Decision-making in the multiagency setting 
245 0 |c Ann Taket, Leroy White 
260 |a New York 
260 |b Wiley 
260 |c 2000 
520 |a The past two decades have seen an increase in the number of organisations working together in multiagency settings and increased calls for partnership and participation in organisational and public life. Models for this kind of working arrangement range from contracting out and joint planning, through to more formal arrangements such as setting up a joint agency. How to make these arrangements effective in developing policy and aiding decision-making can, however, be problematic. To make the multiagency setting work, organisations must manage diversity, resolve conflict and promote collaboration. The processes for effective decision-making in multiagency settings form the central concern of this book. Group processes must become more participatory, democratic and empowering. Illustrated with case studies drawn from the US, Africa, Asia, Latin America, as well as the UK and Europe, the book surveys the range of multiagency settings, explores the mechanisms and processes for multiagency work, and reviews a range of processes and tools that have shown themselves to be effective. Partnership & Participation offers no guaranteed answers, but provides a useful framework and stimulating guidelines for those facing the many questions that are raised by working in a multiagency setting. 
650 |a Joint ventures,Decision making,Dự án liên doanh,Ra quyết định 
904 |i Trọng Hải 
980 |a Trung tâm Học liệu Trường Đại học Cần Thơ